000
00370nam a2200145Ia 4500
008
231129s2009||||xx |||||||||||||| ||spa||
020
_a
978-84-206-3913-0
040
_b
spa
082
_a
131.33 K47t
100
_a
Kierkegaard Soren
245
0
_a
Temor y temblor
260
_c
2009
264
_a
Alianza Editorial
942
_2
ddc
_c
BKS
999
_c
25170
_d
25170